000 00783nam a2200265 a 4500
008
020 _a9780521866750 (hbk.)
049 _aMAIN
090 _aTA404.8
_bMEY
100 1 _aMeyers, Marc.
245 1 0 _aMechanical behavior of materials : /
_cMarc Meyers and Krishan Chawla.
250 _a2nd ed.
260 _aNew York, N.Y. :
_bCambridge University Press,
_c2009.
300 _axxii, 856 p. :
_bill. ;
_c26 cm.
504 _aIncludes bibliographical references.
500 _aIncludes index.
650 0 _aMaterials.
650 0 _aMaterials
_xTesting.
700 _aChawla, Krishan
907 _a.b10277699
_b03-06-10
_c03-06-10
003
005 20230123125023.0
040 _cNUST
942 _cBOOKS
_kTA404.8
_mMEY
999 _c134310
_d134310